The bayesian choice: from decision-theoretic foundations to computational implementation

Saved in:
Bibliografiske detaljer
Hovedforfatter: Robert, Christian P (Author)
Format: Bog
Sprog:engelsk
Udgivet: Nueva York Springer 2007
Udgivelse:2a. ed
Serier:Springer Texts in Statistics
Fag:
Tags: Tilføj Tag
Ingen Tags, Vær først til at tagge denne postø!

MARC

LEADER 00000cam a2200000 a 4500
001 UCH0673
003 CL-VaPUC
008 090320e20070000US |||||||||||||||||eng|d
020 |a 9780387715988 
082 0 4 |a 519.7  |b ROB  |2 21 
100 0 |a Robert, Christian P  |e author  |9 534924 
245 1 4 |a The bayesian choice: from decision-theoretic foundations to computational implementation 
250 |a 2a. ed 
300 |a 602 p 
942 |c BK 
945 |d 20090320 00:00:00  |a rbrito 
260 |a Nueva York  |b Springer  |c 2007 
650 0 |a Estadística matemática  |9 260028 
650 0 |a Modelos estadísticos   |9 270925 
650 7 |a BAYESIAN  |2 CL-VaPUC  |9 534925 
650 0 |a Probabilidades   |9 260199 
583 |a last modification  |c 20140403 04:44:51  |k Rodrigo Vera 
490 0 |a Springer Texts in Statistics 
999 |c 332928  |d 332926 
952 |0 0  |1 0  |4 0  |6 519_700000000000000_ROB_2007  |7 0  |8 A  |9 420991  |a BIBGIM  |b BIBGIM  |d 2019-11-22  |i 452067K  |o 519.7 ROB 2007  |p 452067K  |r 2025-01-15  |w 2019-11-22  |y BK  |k EST 
952 |0 0  |1 0  |4 0  |6 519_700000000000000_ROB_2007  |7 0  |8 A  |9 420992  |a BIBGIM  |b BIBGIM  |d 2019-11-22  |i 4758803  |o 519.7 ROB 2007  |p 4758803  |r 2025-01-15  |w 2019-11-22  |y BK  |k EST 
952 |0 0  |1 0  |4 0  |6 519_700000000000000_ROB_2007  |7 0  |8 A  |9 420993  |a BIBGIM  |b BIBGIM  |d 2019-11-22  |i 4758811  |o 519.7 ROB 2007  |p 4758811  |r 2025-01-15  |w 2019-11-22  |y BK  |k EST 
952 |0 0  |1 0  |4 0  |6 519_700000000000000_ROB_2007  |7 0  |8 A  |9 420994  |a BIBGIM  |b BIBGIM  |d 2019-11-22  |i 475882K  |o 519.7 ROB 2007  |p 475882K  |r 2025-01-15  |w 2019-11-22  |y BK  |k EST 
952 |0 0  |1 0  |4 0  |6 519_700000000000000_ROB_2007  |7 0  |8 A  |9 420995  |a BIBGIM  |b BIBGIM  |d 2019-11-22  |i 4868676  |l 5  |m 8  |o 519.7 ROB 2007  |p 4868676  |r 2025-01-15  |s 2023-08-09  |w 2019-11-22  |y BK  |k EST 
952 |0 0  |1 0  |4 0  |6 519_700000000000000_ROB_2007  |7 0  |8 A  |9 420996  |a BIBGIM  |b BIBGIM  |d 2019-11-22  |i 4868684  |l 1  |m 4  |o 519.7 ROB 2007  |p 4868684  |r 2025-01-15  |s 2022-06-17  |w 2019-11-22  |y BK  |k EST 
952 |0 0  |1 0  |4 0  |6 519_700000000000000_ROB_2007  |7 0  |8 A  |9 420997  |a BIBGIM  |b BIBGIM  |d 2019-11-22  |i 4868692  |l 2  |o 519.7 ROB 2007  |p 4868692  |r 2025-01-15  |s 2022-10-17  |w 2019-11-22  |y BK  |k EST